Culture Générale - Série 2444 - Statistiques

Statistiques générales
  • Ce quiz a été pris 227 fois
  • Le résultat moyen est 7 sur 10
Statistiques - réponses
Question Réponse % Correct
Quel est le nom du détroit qui sépare l'Espagne et le Maroc ? Gibraltar
94%
Complétez l'expression " pierre qui roule ... n'amasse pas mousse
94%
Dans quel pays peut-on visiter le temple d'Angkor vat ? Cambodge
76%
Dans quelle ville est né Mozart ? Salzbourg
73%
De quel pays Chopin est-il originaire ? Pologne
71%
Quel philosophe publia "Les lettres persanes" en1721 ? Montesquieu
70%
A quel compositeur doit-on "La chevauchée des Walkyries" ? Wagner
64%
Quelle est la capitale du Zimbabwe ? Harare
48%
Quel était le prénom de l'auteur des romans "Le neveu de Rameau", "Jacques le fataliste", "La religieuse" ? voir photo Denis
40%
Quel pays a pour devise "Je maintiendrai" ? Pays Bas
30%
Aucun quiz correspondant
Distribution des résultats
% des personnes avec chaque résultat
Percentile par nombre de réponses
Votre historique - résultats
Vous n’avez pas pris ce quiz